000 00953nam a22002295i 4500
001 152790
003 ES-MaACL
005 20250929063218.0
008 051018s1866 fr | |||||||| ||fre d
040 _aCAM
_bspa
_cCAM
080 _a012 Elzevier
080 _a655.1 Elzevier
100 1 _aBrunet, Pierre-Gustave,
_d1805-1896
_932158
245 1 0 _aRecherches sur diverses éditions elzéviriennes
_b: faisant suite aux études de Bérard & Pieters, extraites des papiers de M. Millot /
_cmise en ordre et complétées par Gustave Brunet.
260 _aParis :
_bAuguste Aubry éditeur,
_c1866 (
_fImprimerie Jouast)
300 _a188 p. ;
_c18 cm.
594 _aEl prólogo está firmado por: Ph.J. (Philomneste junior)
600 1 4 _aElzevier (Familia)-
_vBibliografías.
_9147779
700 1 _aMillot, A.-M.
_9147777
852 _aES-MaACL
_jG-10948
_z-- Enc. hol.
_z-- Ejemplar nº 107 de una tirada de 250
999 _c152790
_d152790